Možnosti a hranice intelektuálnej poézie

Bibliographic Details
Main Author: Bagin, Albín, 1939-1982 (Author)
Format: Article
Language:Slovak

MARC

LEADER 00000nab a2200000uu 4500
001 vtls011536875
003 SK-MaSNL
005 20260303154303.0
008 230222|1972 xo |||||||||||||||||slo|
015 |a SNBRB 
035 |a (urnnbn)urn:nbn:sk:snk:ar-0050i6 
035 |a (uuid)74a73800-5f58-44e7-b1ed-898b290517c3 
035 |a urn:nbn:sk:snk-abevy2 
040 |a SNKBUCL  |b slo  |c SNKBUCL  |e AACR2 
041 0 |a slo 
044 |a xo  |c SK 
100 1 |a Bagin, Albín,  |d 1939-1982  |4 aut  |9 5148 
245 1 0 |a Možnosti a hranice intelektuálnej poézie  |c Albín Bagin 
773 0 |t Slovenská literatúra  |g Roč. 19, č. 5 (1972), s. 532-534 
954 |a odborná, vedecká literatúra pôvodná (slovenská)  |2 lita 
958 |a OND 
958 |a EUIPO 
958 |a article22 
999 |c 2033069  |d 2034999